| 000 | 00622nam a22001937a 4500 | ||
|---|---|---|---|
| 005 | 20171012144521.0 | ||
| 010 | _aENG-120854 | ||
| 020 | _c300.00 | ||
| 035 | _aEN-104386 | ||
| 037 | _bDBAD/PUB | ||
| 082 | _a491.467 | ||
| 100 | _aBhide, Vasudha | ||
| 245 |
_aA descriptive study of citpavni a dialect of marathi / _cby Vasudha Bhide |
||
| 260 |
_aPune _bDr. Vasudha Bhide (Nishtha) _c2013 |
||
| 270 |
_a42 omkareshwar socity , sahakar nagar _bPune Delhi _e411009 |
||
| 300 |
_axxxii,274p. _c23 Cm.(hb) |
||
| 500 | _aIncludes bibliographical reference and index | ||
| 942 |
_2ddc _cEN _h491.467 _mVAS |
||
| 999 |
_c146550 _d146550 |
||